000 00484nam a2200205Ia 4500
999 _c44755
_d44755
003 0100
005 20190322102321.0
008 130303s9999 xx 000 0 und d
040 _cARRUPELIB
050 _aBL2480.M3 G39
100 _aGelfand, Michael
_99193
245 _aShona religion
_bwith special reference to the Makorekore
_cMichael Gelfand
260 _aCape Town
_bJuta and Company
_c1962
300 _a184p. ;
_c 22cm.
650 _bMashona (African people)
_xReligion
_945250
942 0 0 _06
_2lcc
_cMONOGRAPH